Central Library OPAC University of Rajshahi

Schaum's outline of theory and problems of programming with Fortran 77 / (Record no. 322)

MARC details
000 -LEADER
fixed length control field 01001cam a2200313 a 4500
001 - CONTROL NUMBER
control field 322
003 - CONTROL NUMBER IDENTIFIER
rucl marc code BD-RjUL
005 - DATE AND TIME OF LATEST TRANSACTION
control field 20211208233146.0
008 - FIXED-LENGTH DATA ELEMENTS--GENERAL INFORMATION
fixed length control field 131120r19971995nyua 001 0 eng
020 ## - INTERNATIONAL STANDARD BOOK NUMBER
International Standard Book Number 0070411557
035 ## - SYSTEM CONTROL NUMBER
System control number (BD-RjUL)339
040 ## - CATALOGING SOURCE
Original cataloging agency DLC
Transcribing agency DLC
Modifying agency DLC
Language of cataloging eng
041 ## - LANGUAGE CODE
Language code of text/sound track or separate title eng
082 04 - DEWEY DECIMAL CLASSIFICATION NUMBER
Classification number 005.133
Edition number 20
Author mark and year MAS 1997
100 1# - MAIN ENTRY--PERSONAL NAME
Personal name Mayo, William E.
9 (RLIN) 1018
245 10 - TITLE STATEMENT
Title Schaum's outline of theory and problems of programming with Fortran 77 /
Statement of responsibility, etc. William E. Mayo, Martin Cwiakala.
260 ## - PUBLICATION, DISTRIBUTION, ETC. (IMPRINT)
Place of publication, distribution, etc. New York :
Name of publisher, distributor, etc. McGraw-Hill,
Date of publication, distribution, etc. c1995 [Reprint 1997].
300 ## - PHYSICAL DESCRIPTION
Pagination vi, 346 p. :
Illustrations ill. ;
Size 26 cm.
490 1# - SERIES STATEMENT
Series statement Schaum's outline series
504 ## - BIBLIOGRAPHY, ETC. NOTE
Bibliography, etc Includes index.
526 ## - STUDY PROGRAM INFORMATION NOTE
Requested Dept. Computer Science.
650 #0 - SUBJECT ADDED ENTRY--TOPICAL TERM
Topical term or geographic name as entry element FORTRAN 77 (Computer program language)
9 (RLIN) 1019
700 1# - ADDED ENTRY--PERSONAL NAME
Personal name Cwiakala, Martin.
942 ## - ADDED ENTRY ELEMENTS (KOHA)
Source of classification or shelving scheme Dewey Decimal Classification
Koha item type Books
Holdings
Lost status Source of classification or shelving scheme Damaged status Not for loan Collection code Permanent Location Current Location Shelving location Date acquired Source of acquisition Cost, normal purchase price Total Checkouts Full call number Date last seen Copy number Koha item type
  Dewey Decimal Classification     Non-fiction Central Library, University of Rajshahi Central Library, University of Rajshahi   26/04/2001 Aligarh Library 217.00   005.133 MAS 1997 17/11/2013 C-3 Books
  Dewey Decimal Classification     Non-fiction Central Library, University of Rajshahi Central Library, University of Rajshahi   26/04/2001 Aligarh Library 217.00   005.133 MAS 1997 17/11/2013 C-4 Books
  Dewey Decimal Classification     Non-fiction Central Library, University of Rajshahi Central Library, University of Rajshahi   26/04/2001 Aligarh Library 217.00   005.133 MAS 1997 17/11/2013 C-5 Books
  Dewey Decimal Classification     Non-fiction Central Library, University of Rajshahi Central Library, University of Rajshahi   26/04/2001 Rajshahi, Aligarh Library 217.00   005.133 MAS 1997 13/11/2016 C-2 Books